KOHA-Header-6

Educational GUIDE OF pakistan (Record no. 7339)

000 -LEADER
fixed length control field 00263nam a2200109Ia 4500
100 ## - MAIN ENTRY--AUTHOR NAME
Personal name IMRAN,Ibrahim
245 #0 - TITLE STATEMENT
Title Educational GUIDE OF pakistan
260 ## - PUBLICATION, DISTRIBUTION, ETC. (IMPRINT)
Place of publication Lahore
Name of publisher McGraw-Hill
Year of publication 2000
300 ## - PHYSICAL DESCRIPTION
Number of Pages 577
942 ## - ADDED ENTRY ELEMENTS (KOHA)
Koha item type Books
Holdings
Withdrawn status Lost status Collection code Permanent Location Current Location Shelving location Date acquired Full call number Accession Number Koha item type
    English Literature MAJU MAJU Shelf No.A13 2019-09-12 371.422 1192 English Literature

Powered by Koha